Score 0/12 Timer 03:00
3 Plays Today
Scrambled Word Answer % Correct
GTATag
99.8%
PUMJ POREJump Rope
98.1%
CIKK HET ANCKick the Can
98%
DRE VERRO, DRE VERRORed Rover, Red Rover
95.9%
MINOS YASSSimon Says
95.2%
HOTERM YAM IMother May I
93.6%
LOWOLF HET ADLEREFollow the Leader
92.8%
TAPERUC HET GLAFCapture the Flag
92.1%
ZEEFER GATFreeze Tag
91.5%
OFUR AQUESRFour Square
91.5%
DRE THILG RENEG THILGRed Light Green Light
89%
CHOPSHOTCHopscotch
88.5%
Remove Ads.
Support Sporcle.
Get the best of Sporcle when you Go Orange. This ad-free experience offers more features, more stats, and more fun while also helping to support Sporcle. Thank you for becoming a member.

You're not logged in!

Compare scores with friends on all Sporcle quizzes.
OR
Log In

Show Comments

Extras

Top Quizzes Today


Score Distribution

Your Account Isn't Verified!

In order to create a playlist on Sporcle, you need to verify the email address you used during registration. Go to your Sporcle Settings to finish the process.

Report this User

Report this user for behavior that violates our Community Guidelines.

Details: